Teams That Have Beaten 2015-16 Golden State Warriors - Statistics

General Stats
  • This quiz has been taken 242 times
  • The average score is 7 of 9
Answer Stats
Date Answer % Correct
March 6, 2016 @ Los Angeles Lakers
84%
April 1, 2016 Boston Celtics
80%
December 12, 2015 @ Milwaukee Bucks
77%
March 19, 2016 @ San Antonio Spurs
77%
December 30, 2015 @ Dallas Mavericks
74%
February 19, 2016 @ Portland Trail Blazers
72%
January 13, 2016 @ Denver Nuggets
65%
January 16, 2016 @ Detroit Pistons
64%
April 5, 2016 Minnesota Timberwolves
64%
No matching quizzes found
Score Distribution
Percent of People with Each Score
Percentile by Number Answered
Your Score History
You have not taken this quiz